All 100,000 inhabitants cities in the US - Statistics

General Stats
  • This quiz has been taken 677 times
    434 since last reset
  • The average score is 142 of 320
Answer Stats
Place City State Population % Correct
01. New York City NY 8,398,748
98%
02. Los Angeles CA 3,990,456
96%
03. Chicago IL 2,705,994
95%
09. Dallas TX 1,345,047
94%
04. Houston TX 2,325,502
94%
05. Phoenix AZ 1,660,272
93%
18. Seattle WA 744,955
93%
40. Miami FL 470,914
92%
06. Philadelphia PA 1,584,138
92%
15. San Francisco CA 883,305
92%
28. Las Vegas NV 644,644
91%
11. Austin TX 964,254
90%
21. Boston MA 694,583
90%
19. Denver CO 716,492
90%
08. San Diego CA 1,425,976
90%
25. Portland OR 653,115
89%
07. San Antonio TX 1,532,233
89%
17. Indianapolis IN 867,125
88%
20. Washington DC 702,455
88%
37. Atlanta GA 498,044
87%
23. Detroit MI 672,662
87%
158. Jackson MS 164,422
87%
38. Kansas City MO 491,918
87%
171. Kansas City KS 152,958
87%
24. Nashville TN 669,053
87%
27. Oklahoma City OK 649,021
87%
50. New Orleans LA 391,006
86%
12. Jacksonville FL 903,889
85%
16. Charlotte NC 872,498
84%
14. Columbus OH 892,533
84%
126. Columbus GA 194,160
84%
36. Sacramento CA 508,529
84%
26. Memphis TN 650,618
83%
46. Minneapolis MN 425,403
83%
49. Tampa FL 392,890
83%
32. Albuquerque NM 560,218
82%
71. Orlando FL 285,713
82%
41. Raleigh NC 469,298
82%
10. San Jose CA 1,030,119
82%
30. Baltimore MD 602,495
81%
52. Cleveland OH 383,793
81%
31. Milwaukee WI 592,025
81%
64. Saint Louis MO 302,838
81%
65. Cincinnati OH 302,605
80%
29. Louisville KY 620,118
80%
83. Buffalo NY 256,304
79%
13. Fort Worth TX 895,008
79%
66. Pittsburgh PA 301,048
79%
22. El Paso TX 682,669
78%
114. Salt Lake City UT 200,591
78%
42. Omaha NE 468,262
77%
33. Tucson AZ 545,975
77%
39. Colorado Springs CO 472,688
76%
47. Tulsa OK 400,669
76%
156. Springfield MO 168,122
74%
166. Springfield MA 155,032
74%
253. Springfield IL 114,694
74%
97. Boise ID 228,790
73%
56. Honolulu HI 347,397
73%
63. Saint Paul MN 307,695
73%
99. Baton Rouge LA 221,599
72%
34. Fresno CA 530,093
72%
107. Birmingham AL 209,880
71%
86. Reno NV 250,998
71%
98. Richmond VA 228,783
71%
275. Richmond CA 110,146
71%
89. Winston-Salem NC 246,328
71%
51. Wichita KS 389,255
70%
127. Tallahassee FL 193,551
69%
44. Virginia Beach VA 450,189
69%
73. Newark NJ 282,090
68%
45. Oakland CA 429,032
68%
101. Des Moines IA 216,853
67%
201. Charleston SC 136,208
66%
78. Jersey City NJ 265,549
66%
81. Madison WI 258,054
66%
143. Providence RI 179,335
66%
148. Salem OR 173,442
66%
70. Lincoln NE 287,401
65%
53. Bakersfield CA 383,579
64%
121. Little Rock AR 197,881
64%
35. Mesa AZ 508,958
64%
119. Montgomery AL 198,218
64%
111. Rochester NY 206,284
64%
242. Rochester MN 116,961
64%
68. Anchorage AK 291,538
63%
43. Long Beach CA 467,354
63%
60. Lexington KY 323,780
62%
179. Savannah GA 145,862
62%
74. Toledo OH 274,975
62%
48. Arlington TX 398,112
61%
227. Hartford CN 122,587
61%
135. Knoxville TN 187,500
61%
55. Anaheim CA 352,005
60%
59. Corpus Christi TX 326,554
60%
115. Grand Rapids MI 200,217
60%
120. Akron OH 198,006
59%
131. Mobile AL 189,572
59%
190. Dayton OH 140,640
58%
58. Riverside CA 330,063
58%
100. Spokane WA 219,190
58%
220. Topeka KS 125,904
58%
297. Wichita Falls TX 104,576
58%
54. Aurora CO 374,114
57%
118. Aurora IL 199,602
57%
207. Columbia SC 133,451
57%
224. Columbia MO 123,180
57%
140. Sioux Falls SD 181,883
57%
77. Fort Wayne IN 267,633
56%
67. Greensboro NC 294,722
56%
91. Norfolk VA 244,076
55%
123. Augusta GA 196,939
54%
139. Fort Lauderdale FL 182,595
54%
185. Syracuse NY 142,749
54%
62. Henderson NV 310,390
53%
79. Saint Petersburg FL 265,098
53%
116. Amarillo TX 199,924
52%
75. Durham NC 274,291
52%
153. Eugene OR 171,245
51%
296. Green Bay WI 104,879
51%
84. Lubbock TX 255,985
51%
240. Lansing MI 118,427
50%
103. San Bernardino CA 215,941
50%
57. Santa Ana CA 332,725
50%
61. Stockton CA 311,178
50%
102. Tacoma WA 216,279
50%
142. Chattanooga TN 180,557
49%
222. Fargo ND 124,844
49%
90. North Las Vegas NV 245,949
49%
210. New Haven CN 130,418
48%
133. Shreveport LA 188,987
48%
284. Boulder CO 107,353
47%
72. Irvine CA 282,572
47%
197. Waco TX 138,183
47%
168. Pasadena TX 153,219
46%
187. Pasadena CA 141,371
46%
245. Provo UT 116,702
46%
136. Worcester MA 185,377
46%
117. Yonkers NY 199,663
46%
137. Brownsville TX 183,392
45%
80. Laredo TX 261,639
45%
85. Scottsdale AZ 255,310
45%
87. Glendale AZ 250,702
44%
112. Glendale CA 201,361
44%
109. Fayetteville NC 209,468
43%
122. Huntsville AL 197,318
43%
183. McAllen TX 143,433
43%
226. Wilmington NC 122,607
43%
231. Ann Arbor MI 121,890
42%
276. Billings MT 109,550
42%
182. Bridgeport CN 144,900
42%
76. Chula Vista CA 271,651
42%
218. Lafayette LA 126,143
42%
159. Alexandria VA 160,530
41%
302. Allen TX 103,383
41%
219. Athens GA 125,964
41%
259. Manchester NH 112,525
41%
144. Newport News VA 178,626
41%
69. Plano TX 288,061
41%
170. Macon GA 153,095
40%
152. Peoria AZ 172,259
40%
269. Peoria IL 111,388
40%
208. Cedar Rapids IA 133,174
39%
82. Chandler AZ 257,165
38%
157. Fort Collins CO 167,830
38%
113. Huntington Beach CA 200,641
38%
94. Irving TX 242,242
38%
104. Modesto CA 215,030
37%
214. Santa Clara CA 129,488
37%
129. Tempe AZ 192,364
37%
233. Allentown PA 121,433
36%
92. Chesapeake VA 242,634
36%
96. Fremont CA 237,807
36%
167. Hollywood FL 154,823
36%
106. Santa Clarita CA 210,089
36%
138. Vancouver WA 183,012
35%
88. Gilbert AZ 248,279
34%
193. Orange CA 139,484
34%
146. Santa Rosa CA 177,586
34%
232. Berkeley CA 121,643
33%
212. Concord CA 129,688
33%
293. Concord NC 105,240
33%
108. Oxnard CA 209,877
33%
237. Cambridge MA 118,977
32%
93. Garland TX 242,507
32%
95. Hialeah FL 238,942
32%
161. Lancaster CA 159,053
32%
175. Naperville IL 148,304
32%
235. Odessa TX 120,568
32%
128. Overland Park KS 192,536
32%
225. Abilene TX 122,999
31%
132. Cape Coral FL 189,343
31%
307. Davenport IA 102,085
31%
215. Elizabeth NJ 128,885
31%
264. Pueblo CO 111,750
31%
163. Clarksville TN 156,794
30%
204. Gainesville FL 133,857
30%
305. Las Cruces NM 102,926
30%
178. Rockford IL 146,526
30%
308. South Bend IN 101,870
30%
312. Tuscaloosa AL 101,113
30%
268. West Palm Beach FL 111,398
30%
177. Bellevue WA 147,599
29%
196. Denton TX 138,541
29%
241. Evansville IN 117,963
29%
134. Frisco TX 188,170
29%
186. Midland TX 142,344
29%
141. Ontario CA 181,107
29%
211. Stamford CN 129,775
29%
176. Joliet IL 148,099
28%
180. Paterson NJ 145,627
28%
124. Port Saint Lucie FL 195,248
28%
246. Clearwater FL 116,478
27%
247. College Station TX 116,218
27%
174. Killeen TX 149,103
27%
188. Murfreesboro TN 141,344
27%
223. Norman OK 123,471
27%
147. Oceanside CA 176,080
27%
239. Beaumont TX 118,428
25%
300. Burbank CA 103,695
25%
155. Cary NC 168,160
25%
266. Lowell MA 111,670
25%
200. West Valley City UT 136,401
25%
278. Broken Arrow OK 109,171
24%
162. Lakewood CO 156,798
24%
299. Lakewood NJ 104,157
24%
130. McKinney TX 191,645
24%
320. Roanoke VA 100,011
24%
292. Tyler TX 105,729
24%
165. Salinas CA 156,259
23%
283. Santa Maria CA 107,408
23%
181. Torrance CA 145,182
23%
205. Visalia CA 133,800
23%
203. Hampton VA 134,313
22%
273. Lakeland FL 110,516
22%
184. Mesquite TX 142,816
22%
110. Moreno Valley CA 209,050
22%
295. San Mateo CA 105,025
22%
198. Surprise AZ 138,161
22%
202. Warren MI 134,587
22%
248. West Jordan UT 116,046
22%
149. Elk Grove CA 172,886
21%
270. Everett WA 111,262
21%
105. Fontana CA 213,739
21%
125. Grand Prairie TX 194,614
21%
192. Olathe KS 139,605
21%
216. Round Rock TX 128,739
21%
209. Sterling Heights MI 132,964
21%
154. Corona CA 168,819
20%
173. Escondido CA 152,213
20%
213. Kent WA 129,618
20%
318. Nampa ID 100,200
20%
164. Palmdale CA 156,667
20%
151. Pembroke Pines FL 172,374
20%
145. Rancho Cucamonga CA 177,751
20%
217. Thousand Oaks CA 127,690
20%
271. Ventura CA 111,128
20%
191. Fullerton CA 139,640
19%
243. Independence MO 116,925
19%
285. Greeley CO 107,348
18%
277. Inglewood CA 109,419
18%
172. Pomona CA 152,361
18%
298. Sparks NV 104,246
18%
236. Arvada CO 120,492
17%
310. Chico CA 101,475
17%
150. Garden Grove CA 172,646
17%
160. Hayward CA 159,620
17%
287. Meridian ID 106,804
17%
257. North Charleston SC 113,237
17%
229. Pearland TX 122,149
17%
309. Quincy MA 101,636
17%
304. Spokane Valley WA 102,976
17%
238. Sugar Land TX 118,600
17%
194. Thornton CO 139,436
17%
230. Vallejo CA 121,913
17%
249. Carlsbad CA 115,877
16%
199. Carrollton TX 136,879
16%
286. Daly City CA 107,008
16%
258. Miami Gardens FL 113,069
16%
189. Miramar FL 140,823
16%
317. San Angelo TX 100,215
16%
252. Temecula CA 114,742
16%
282. Waterbury CN 108,093
16%
265. Elgin IL 111,683
15%
260. High Point NC 112,316
15%
281. Hillsboro OR 108,389
15%
306. Renton WA 102,153
15%
195. Roseville CA 139,117
15%
221. Simi Valley CA 125,851
15%
169. Sunnyvale CA 153,185
15%
228. Victorville CA 122,312
15%
272. Centennial CO 110,831
14%
206. Coral Springs FL 133,507
14%
244. Fairfield CA 116,884
14%
274. Gresham OR 110,158
14%
294. Norwalk CA 105,120
14%
254. Palm Bay FL 114,194
14%
256. Westminster CO 113,479
14%
262. Clovis CA 112,022
13%
316. Edinburg TX 100,243
13%
234. Richardson TX 120,981
13%
267. Antioch CA 111,535
12%
314. Edison NJ 100,693
12%
251. Murrieta CA 114,985
12%
279. Sandy Springs GA 108,797
11%
290. West Covina CA 106,311
11%
255. Costa Mesa CA 113,615
10%
291. League City TX 106,244
10%
288. Lewisville TX 106,586
10%
263. Pompano Beach FL 111,954
10%
289. Davie FL 106,558
9%
261. Downey CA 112,269
9%
303. El Cajon CA 103,241
9%
319. Vacaville CA 100,154
9%
250. El Monte CA 115,586
8%
280. Jurupa Valley CA 108,393
8%
301. Rialto CA 103,440
8%
311. Vista CA 101,224
7%
315. Woodbridge NJ 100,450
7%
313. Clinton MI 100,800
5%
No matching quizzes found
Score Distribution
Percent of People with Each Score
Percentile by Number Answered
Your Score History
You have not taken this quiz since the last reset